[Event "4NCL Division 2a"]
[Site "Birmingham, ENG ENG"]
[Date "2015.11.14"]
[Round "1.232"]
[White "Tukpetov, Evgeny"]
[Black "Coleman, David J"]
[Result "1/2-1/2"]
[WhiteElo "2222"]
[BlackElo "2179"]
[PlyCount "136"]
[EventDate "2015.11.14"]
[WhiteTeam "Kings Head"]
[BlackTeam "Barbican 4NCL Youth"]

1. e4 c5 2. Nc3 Nc6 3. Bc4 g6 4. d3 Bg7 5. a3 d6 6. Nge2 e6 7. h4 h5 8. Bg5
Nge7 9. O-O f6 10. Bf4 a6 11. Bg3 b5 12. Ba2 b4 13. axb4 Nxb4 14. Bb3 e5 15.
Nb1 Nbc6 16. c3 Rb8 17. Nd2 Na5 18. Ba4+ Nac6 19. d4 cxd4 20. cxd4 O-O 21. Nc4
Kh7 22. d5 Na5 23. Nxa5 Qxa5 24. Ra2 f5 25. f3 fxe4 26. fxe4 Bg4 27. Bf2 Rb4
28. b3 Rxe4 29. Qd3 Bxe2 30. Rxe2 Rxe2 31. Qxe2 Nxd5 32. Qd3 Rf6 33. Be1 Qb6+
34. Bf2 Nf4 35. Bxb6 Nxd3 36. Rd1 Nb2 37. Rd5 Nxa4 38. bxa4 Bh6 39. Bc7 Be3+
40. Kh2 Bc5 41. a5 e4 42. Bb6 Rf5 43. Rd1 e3 44. Bxc5 Rxc5 45. Rxd6 Re5 46. Rd1
Kg7 47. Kg3 Rxa5 48. Kf3 Re5 49. Ke2 Kf6 50. Ra1 a5 51. Ra4 Ke6 52. Rc4 Kd6 53.
Rc8 Kd5 54. Rg8 Re6 55. Ra8 Ke4 56. Rxa5 Rd6 57. Ra4+ Rd4 58. Ra6 Rd2+ 59. Kf1
Rf2+ 60. Kg1 Rf4 61. Ra4+ Kf5 62. Ra5+ Kf6 63. Ra6+ Ke7 64. Ra7+ Kf8 65. Ra8+
Kg7 66. Re8 Rxh4 67. Rxe3 Ra4 68. Re6 Kh6 1/2-1/2

[Event "4NCL Division 2a"]
[Site "Birmingham, ENG ENG"]
[Date "2015.11.14"]
[Round "1.233"]
[White "O`Toole, George E"]
[Black "Lewis, Alex"]
[Result "1-0"]
[WhiteElo "2195"]
[BlackElo "2160"]
[PlyCount "61"]
[EventDate "2015.11.14"]
[WhiteTeam "Barbican 4NCL Youth"]
[BlackTeam "Kings Head"]

1. e4 c5 2. c3 Nf6 3. e5 Nd5 4. d4 e6 5. Nf3 Nc6 6. Bd3 d6 7. O-O Be7 8. dxc5
Nxe5 9. Be4 Nxf3+ 10. Qxf3 dxc5 11. Rd1 Qb6 12. Na3 Bd7 13. Nc4 Qc7 14. Bxd5
exd5 15. Bf4 Qc8 16. Rxd5 O-O 17. Re1 Be6 18. Rde5 b5 19. Nd2 Bd6 20. Rg5 Bxf4
21. Qxf4 f6 22. Rg3 Bd5 23. h4 Qc6 24. c4 bxc4 25. Nxc4 Rae8 26. Rxe8 Rxe8 27.
Nd6 Re6 28. Nf5 g6 29. Qb8+ Kf7 30. Nh6+ Kg7 31. Qg8+ 1-0

[Event "4NCL Division 2a"]
[Site "Birmingham, ENG ENG"]
[Date "2015.11.14"]
[Round "1.234"]
[White "Wittmann, Jochen"]
[Black "Crocker, Philip J"]
[Result "1/2-1/2"]
[WhiteElo "2118"]
[BlackElo "2162"]
[PlyCount "41"]
[EventDate "2015.11.14"]
[WhiteTeam "Kings Head"]
[BlackTeam "Barbican 4NCL Youth"]

1. f4 Nf6 2. Nf3 g6 3. g3 Bg7 4. Bg2 O-O 5. O-O c5 6. d3 Nc6 7. e4 d6 8. Nc3
Rb8 9. h3 b5 10. g4 b4 11. Ne2 a5 12. Be3 Nd7 13. Rb1 Ba6 14. b3 Qb6 15. Qe1
Nd4 16. Rc1 Rbc8 17. Qf2 Nxe2+ 18. Qxe2 Bb7 19. Qf2 d5 20. Qh4 Qf6 21. Qxf6
1/2-1/2

[Event "4NCL Division 2a"]
[Site "Birmingham, ENG ENG"]
[Date "2015.11.14"]
[Round "1.235"]
[White "Lim, Samuel"]
[Black "Mackenzie, Colin"]
[Result "0-1"]
[WhiteElo "2230"]
[BlackElo "2046"]
[PlyCount "112"]
[EventDate "2015.11.14"]
[WhiteTeam "Barbican 4NCL Youth"]
[BlackTeam "Kings Head"]

1. c4 e6 2. Nf3 Nf6 3. g3 d5 4. Bg2 Be7 5. O-O O-O 6. b3 c5 7. Bb2 Nc6 8. e3 d4
9. exd4 cxd4 10. d3 Re8 11. Re1 Bf8 12. Nbd2 e5 13. Ne4 Nxe4 14. dxe4 a5 15. a3
Be6 16. Rc1 b6 17. Qd3 Bd6 18. Nh4 Be7 19. Nf5 Bf8 20. Rcd1 g6 21. Nh4 Rc8 22.
Nf3 f6 23. Nd2 Bh6 24. Rf1 Nb8 25. f4 Nd7 26. h3 Qc7 27. Qf3 Rf8 28. f5 Be3+
29. Kh1 Bf7 30. Rfe1 Bxd2 31. Rxd2 a4 32. Rc1 axb3 33. Qxb3 Nc5 34. Qb4 Ra8 35.
Rdd1 g5 36. Qe1 Be8 37. Qe2 Bc6 38. h4 h6 39. Qh5 Qg7 40. Qg4 gxh4 41. Qxh4 Qg5
42. Rg1 Kf7 43. Rce1 Ra4 44. Bc1 Qxh4+ 45. gxh4 Nd3 46. Re2 Rg8 47. Bd2 Rg4 48.
Rb1 Rxc4 49. Rxb6 Rxh4+ 50. Kg1 Nf4 51. Bxf4 Rxf4 52. Ra6 Ke7 53. Rb2 Kd6 54.
Rb8 Rg4 55. Re8 Kc5 56. Re6 Kb5 0-1

[Event "4NCL Division 2a"]
[Site "Birmingham, ENG ENG"]
[Date "2015.11.14"]
[Round "1.236"]
[White "Gilfillan, Andrew"]
[Black "Brett, Andrew R"]
[Result "1-0"]
[WhiteElo "1950"]
[BlackElo "2106"]
[PlyCount "81"]
[EventDate "2015.11.14"]
[WhiteTeam "Kings Head"]
[BlackTeam "Barbican 4NCL Youth"]

1. c4 Nf6 2. g3 e5 3. Bg2 d5 4. cxd5 Nxd5 5. Nc3 Nb6 6. Nf3 Nc6 7. d3 Be7 8.
O-O O-O 9. Bd2 Be6 10. h3 f5 11. a3 Bf6 12. Rc1 Kh8 13. b4 e4 14. dxe4 fxe4 15.
Nxe4 Bb2 16. Nc5 Bc8 17. Rb1 Bf6 18. Qc2 Qe8 19. e4 Qf7 20. Rbc1 h6 21. Bc3 Bd8
22. b5 Ne7 23. Qd2 Kh7 24. Ne5 Qe8 25. Qd4 Rg8 26. a4 Rh8 27. a5 Qxb5 28. axb6
axb6 29. Ncd7 Ra5 30. Rb1 Qe2 31. Bf3 Qc2 32. Rfc1 Qa4 33. Rb4 Bxd7 34. Rxa4
Bxa4 35. Ra1 c5 36. Qd6 b5 37. Bg4 b4 38. Bb2 g6 39. Nf7 Ra6 40. Qd2 Bb6 41.
Qxh6+ 1-0

[Event "4NCL Division 2a"]
[Site "Birmingham, ENG ENG"]
[Date "2015.11.14"]
[Round "1.237"]
[White "Stewart, Ashley"]
[Black "Disu, Kayode"]
[Result "1-0"]
[WhiteElo "2047"]
[BlackElo "1904"]
[PlyCount "83"]
[EventDate "2015.11.14"]
[WhiteTeam "Barbican 4NCL Youth"]
[BlackTeam "Kings Head"]

1. d4 d5 2. c4 e6 3. Nf3 c5 4. cxd5 exd5 5. g3 Nc6 6. Bg2 Nf6 7. O-O Be7 8.
dxc5 Bxc5 9. Nc3 O-O 10. Na4 Be7 11. Be3 Ne4 12. Rc1 Be6 13. Nd4 Nxd4 14. Bxd4
b6 15. Nc3 Nxc3 16. Rxc3 Rc8 17. Rxc8 Qxc8 18. Qd2 Qd7 19. Rd1 Rd8 20. b3 Qb5
21. e3 f6 22. h4 Rc8 23. Bf1 Qb4 24. Qe2 Bf5 25. Bg2 Rd8 26. Rc1 Bc5 27. Bc3
Qa3 28. Rd1 Be6 29. Bf3 Bb4 30. Bxb4 Qxb4 31. Rd4 Qc3 32. Qd1 Rd7 33. Bxd5 Bxd5
34. Rxd5 Re7 35. Rd7 Kf7 36. Qh5+ g6 37. Qxh7+ Ke6 38. Qg8+ Kf5 39. Qd5+ Re5
40. g4+ Kxg4 41. Qg2+ Kf5 42. Qh3+ 1-0

[Event "4NCL Division 2a"]
[Site "Birmingham, ENG ENG"]
[Date "2015.11.14"]
[Round "1.238"]
[White "Zhang, Harvey Y"]
[Black "Keen, Cosima"]
[Result "1/2-1/2"]
[WhiteElo "1704"]
[BlackElo "1906"]
[PlyCount "61"]
[EventDate "2015.11.14"]
[WhiteTeam "Kings Head"]
[BlackTeam "Barbican 4NCL Youth"]

1. d4 d5 2. Nf3 Nf6 3. c4 e6 4. Nc3 Be7 5. Bf4 a6 6. e3 O-O 7. Bd3 dxc4 8. Bxc4
b5 9. Bd3 Bb7 10. O-O Nbd7 11. Ne5 c5 12. Nxd7 Qxd7 13. Be5 Rfd8 14. Be2 b4 15.
Na4 cxd4 16. Bxd4 e5 17. Nb6 Qd6 18. Nxa8 exd4 19. Bf3 Bxa8 20. Bxa8 Rxa8 21.
Qxd4 Qe6 22. a3 Rd8 23. Qa7 b3 24. Rad1 Rxd1 25. Rxd1 h6 26. Rd3 Qf5 27. Qb8+
Kh7 28. Qxb3 Ne4 29. f3 Nc5 30. Rd5 Nxb3 31. Rxf5 1/2-1/2

[Event "4NCL Division 2a"]
[Site "Birmingham, ENG ENG"]
[Date "2015.11.14"]
[Round "1.241"]
[White "Ross, Chris N"]
[Black "Granat, Russell G"]
[Result "0-1"]
[WhiteElo "2222"]
[BlackElo "2191"]
[PlyCount "76"]
[EventDate "2015.11.14"]
[WhiteTeam "MK Phoenix 1"]
[BlackTeam "Guildford 3"]

1. e4 Nc6 2. Nf3 e5 3. Bb5 a6 4. Ba4 d6 5. c3 Bd7 6. d4 Be7 7. O-O Nf6 8. Nbd2
O-O 9. Re1 exd4 10. cxd4 Nb4 11. d5 Nd3 12. Re3 Nxf2 13. Kxf2 Ng4+ 14. Ke2 Nxe3
15. Kxe3 c6 16. dxc6 bxc6 17. Kf2 d5 18. Kg1 Bg4 19. Qf1 dxe4 20. Nxe4 Bxf3 21.
Qxf3 Qd4+ 22. Be3 Qxa4 23. Qg4 Qb5 24. Bd4 f6 25. Bc3 Rf7 26. Ng3 Qg5 27. Qf3
Qd5 28. Qe2 Rd8 29. Qxa6 f5 30. Qe2 Bc5+ 31. Kh1 Ra7 32. Qc2 f4 33. Nf5 Rf7 34.
Nh4 f3 35. h3 fxg2+ 36. Qxg2 Qd1+ 37. Rxd1 Rf1+ 38. Kh2 Bd6+ 0-1

[Event "4NCL Division 2a"]
[Site "Birmingham, ENG ENG"]
[Date "2015.11.14"]
[Round "1.242"]
[White "Zhang, Anthony Y"]
[Black "Brown, Alan M"]
[Result "1/2-1/2"]
[WhiteElo "2267"]
[BlackElo "2080"]
[PlyCount "51"]
[EventDate "2015.11.14"]
[WhiteTeam "Guildford 3"]
[BlackTeam "MK Phoenix 1"]

1. Nf3 Nf6 2. c4 e6 3. d4 d5 4. g3 Be7 5. Bg2 O-O 6. O-O Nbd7 7. Qc2 Ne4 8.
Nfd2 Nxd2 9. Nxd2 Nf6 10. Rd1 c6 11. e4 Qb6 12. c5 Qc7 13. Nb3 dxe4 14. Bxe4 e5
15. Re1 exd4 16. Bf4 Qd8 17. Rad1 Be6 18. Nxd4 Bd5 19. Bxd5 Nxd5 20. Nf5 Re8
21. Qc4 Bf8 22. Ne3 Qa5 23. Rc1 Nxf4 24. gxf4 Re6 25. b4 Qc7 26. Ng2 1/2-1/2

[Event "4NCL Division 2a"]
[Site "Birmingham, ENG ENG"]
[Date "2015.11.14"]
[Round "1.243"]
[White "Grieve, Harry"]
[Black "Osborne, Marcus E"]
[Result "1/2-1/2"]
[WhiteElo "2080"]
[BlackElo "2185"]
[PlyCount "88"]
[EventDate "2015.11.14"]
[WhiteTeam "MK Phoenix 1"]
[BlackTeam "Guildford 3"]

1. d4 Nf6 2. Bg5 e6 3. Nd2 h6 4. Bh4 b6 5. e4 Be7 6. Bd3 Bb7 7. c3 d6 8. Qe2 c5
9. Bb5+ Nfd7 10. Bxe7 Qxe7 11. Ngf3 O-O 12. O-O e5 13. dxe5 dxe5 14. Rad1 a6
15. Bxd7 Nxd7 16. Nc4 Bc6 17. Rd6 Bb5 18. Rfd1 Ra7 19. b3 a5 20. a4 Ba6 21. Qd3
Nf6 22. Nh4 Nh5 23. Nf5 Qg5 24. Qf3 g6 25. Nfe3 b5 26. axb5 Bxb5 27. R6d5 a4
28. Nxe5 axb3 29. Nd7 Bxd7 30. Rxg5 hxg5 31. Rb1 Rb8 32. Qe2 Nf4 33. Qd2 Kh7
34. g3 Nh3+ 35. Kg2 Be6 36. Nd5 Ra2 37. Rb2 Rba8 38. c4 Bxd5 39. exd5 g4 40.
Kf1 Ra1+ 41. Ke2 Ng1+ 42. Kd3 Nf3 43. Qf4 Rd1+ 44. Kc3 Nd4 1/2-1/2

[Event "4NCL Division 2a"]
[Site "Birmingham, ENG ENG"]
[Date "2015.11.14"]
[Round "1.244"]
[White "Golding, Alex"]
[Black "Fraser-Mitchell, Jeremy N"]
[Result "1-0"]
[WhiteElo "2057"]
[BlackElo "2059"]
[PlyCount "57"]
[EventDate "2015.11.14"]
[WhiteTeam "Guildford 3"]
[BlackTeam "MK Phoenix 1"]

1. e4 Nc6 2. d4 d5 3. e5 f6 4. Bd3 g6 5. exf6 Nxf6 6. Nf3 Bg7 7. O-O O-O 8.
Nbd2 e5 9. Nxe5 Nxe5 10. dxe5 Ng4 11. Nf3 Nxe5 12. Nxe5 Bxe5 13. c3 c6 14. Qe2
Qd6 15. f4 Bg7 16. Kh1 Bd7 17. Be3 Rae8 18. Qd2 c5 19. Rad1 Bc6 20. b4 b6 21.
bxc5 bxc5 22. Qf2 Rxe3 23. Qxe3 Bh6 24. Rde1 Re8 25. Qh3 Bxf4 26. Rxe8+ Bxe8
27. Qc8 Qb8 28. Qxc5 Bf7 29. Qf2 1-0

[Event "4NCL Division 2a"]
[Site "Birmingham, ENG ENG"]
[Date "2015.11.14"]
[Round "1.245"]
[White "Reuben, Stewart"]
[Black "Punnett, Alan K"]
[Result "1/2-1/2"]
[WhiteElo "2055"]
[BlackElo "2117"]
[PlyCount "37"]
[EventDate "2015.11.14"]
[WhiteTeam "MK Phoenix 1"]
[BlackTeam "Guildford 3"]

1. c4 Nf6 2. g3 e5 3. Bg2 Nc6 4. Nc3 Bc5 5. e3 O-O 6. Nge2 a6 7. O-O d6 8. d4
exd4 9. exd4 Ba7 10. d5 Ne5 11. b3 Bg4 12. Be3 Qd7 13. Bxa7 Rxa7 14. Qd4 Raa8
15. f4 Ng6 16. Qd2 Bh3 17. Nd4 Bxg2 18. Qxg2 Rae8 19. Rae1 1/2-1/2

[Event "4NCL Division 2a"]
[Site "Birmingham, ENG ENG"]
[Date "2015.11.14"]
[Round "1.246"]
[White "Shepley, Julien M"]
[Black "Habershon, Paul F"]
[Result "1/2-1/2"]
[WhiteElo "2042"]
[BlackElo "2052"]
[PlyCount "45"]
[EventDate "2015.11.14"]
[WhiteTeam "Guildford 3"]
[BlackTeam "MK Phoenix 1"]

1. e4 Nf6 2. Nc3 d5 3. e5 Ne4 4. Qf3 Nxc3 5. bxc3 c5 6. Bb5+ Nc6 7. c4 e6 8.
Qg3 Bd7 9. Bxc6 Bxc6 10. cxd5 Qxd5 11. f3 g6 12. Ne2 Bg7 13. Bb2 O-O-O 14. d3
c4 15. d4 Qa5+ 16. Bc3 Qa4 17. Kd2 Bh6+ 18. f4 Be4 19. Rac1 Bf8 20. a3 Qc6 21.
Rcg1 Qa4 22. Rc1 Qc6 23. Rcg1 1/2-1/2

[Event "4NCL Division 2a"]
[Site "Birmingham, ENG ENG"]
[Date "2015.11.14"]
[Round "1.247"]
[White "Elwin, Adrian G"]
[Black "Smart, Michael R"]
[Result "1-0"]
[WhiteElo "1989"]
[BlackElo "2027"]
[PlyCount "83"]
[EventDate "2015.11.14"]
[WhiteTeam "MK Phoenix 1"]
[BlackTeam "Guildford 3"]

1. d4 Nf6 2. c4 c5 3. d5 e6 4. Nc3 exd5 5. cxd5 d6 6. e4 g6 7. Bd3 Bg7 8. Nge2
O-O 9. O-O a6 10. a4 Ng4 11. h3 Ne5 12. Bc2 c4 13. f4 Qb6+ 14. Kh1 Ned7 15. a5
Qc7 16. Be3 b5 17. Bd4 Bxd4 18. Nxd4 b4 19. Nce2 Nc5 20. f5 Qe7 21. Qe1 b3 22.
Bb1 Nbd7 23. f6 Qe5 24. Qh4 Kh8 25. Rf4 Nd3 26. Nc6 Qh5 27. Qxh5 gxh5 28. Bxd3
cxd3 29. Nc3 Bb7 30. Nb4 Rg8 31. Nxd3 Rg6 32. Raf1 Rag8 33. R1f2 Rg3 34. R4f3
R3g5 35. Ne2 Re8 36. Nc3 h6 37. Kh2 Kh7 38. Rf5 Rg6 39. Nf4 Rxf6 40. Rxf6 Nxf6
41. Nxh5 Nxe4 42. Nxe4 1-0

[Event "4NCL Division 2c"]
[Site "Birmingham, ENG"]
[Date "2016.05.01"]
[Round "10.211"]
[White "Rogers, Jonathan W"]
[Black "Mayhew, Andrew"]
[Result "1/2-1/2"]
[WhiteElo "2288"]
[BlackElo "2335"]
[PlyCount "46"]
[EventDate "2016.05.01"]
[WhiteTeam "Barbican 4NCL Youth"]
[BlackTeam "Anglian Avengers 1"]

1. e4 c5 2. Nf3 d6 3. Bc4 Nf6 4. d3 Nc6 5. h3 g6 6. a3 Bg7 7. Nc3 O-O 8. O-O a6
9. Bg5 b5 10. Ba2 h6 11. Be3 e5 12. Nd5 Be6 13. Qd2 Bxd5 14. exd5 Ne7 15. Bxh6
Nfxd5 16. Rae1 Bxh6 17. Qxh6 Nf5 18. Qg5 Qxg5 19. Nxg5 Nc7 20. f4 exf4 21. Rxf4
Rae8 22. Rfe4 Rxe4 23. dxe4 (23. Nxe4) (23. Rxe4 d5 24. Re1 f6 25. Ne4 c4 26.
Nc5 Kf7 27. dxc4 bxc4 28. b3 cxb3 29. Bxb3 Re8 30. Rxe8 Kxe8 31. Kf2 Ke7 32. g4
Nd4 33. Ke3 Nc6 34. Nd3 g5 35. Ne1 Kd6 36. Nf3 Ne6 37. h4) 23... d5 1/2-1/2

[Event "4NCL Division 2c"]
[Site "Birmingham, ENG"]
[Date "2016.05.01"]
[Round "10.212"]
[White "Spence, David J"]
[Black "Coleman, David J"]
[Result "1/2-1/2"]
[WhiteElo "2312"]
[BlackElo "2164"]
[PlyCount "81"]
[EventDate "2016.05.01"]
[WhiteTeam "Anglian Avengers 1"]
[BlackTeam "Barbican 4NCL Youth"]

1. e4 d5 2. exd5 Qxd5 3. Nc3 Qa5 4. d4 Nf6 5. Nf3 c6 6. Bc4 Bf5 7. Bd2 e6 8.
Nd5 Qd8 9. Nxf6+ gxf6 10. Qe2 Bxc2 11. O-O Nd7 12. d5 cxd5 13. Bxd5 Nc5 14. Bc4
Bd3 15. Bb5+ Bxb5 16. Qxb5+ Qd7 17. Qc4 Qd3 18. Qh4 Rg8 19. Be3 Qe4 20. Qxf6
Rg4 21. Bxc5 Bxc5 22. Rac1 Bd4 23. Qxd4 Qxf3 24. Qa4+ Rxa4 25. gxf3 Rxa2 26.
Rc2 Rd8 27. Re1 Ke7 28. Re4 Ra1+ 29. Kg2 Ra5 30. Rb4 Rd7 31. Rc8 b6 32. Rh4 h5
33. b4 Rg5+ 34. Kf1 a5 35. bxa5 bxa5 36. Ra8 Rb5 37. Ra4 Rd1+ 38. Kg2 Rg5+ 39.
Kh3 Rd3 40. Ra7+ Kf8 41. Rf4 1/2-1/2

[Event "4NCL Division 2c"]
[Site "Birmingham, ENG"]
[Date "2016.05.01"]
[Round "10.213"]
[White "Hodgson, John H"]
[Black "Talsma, Paul"]
[Result "1/2-1/2"]
[WhiteElo "2111"]
[BlackElo "2237"]
[PlyCount "39"]
[EventDate "2016.05.01"]
[WhiteTeam "Barbican 4NCL Youth"]
[BlackTeam "Anglian Avengers 1"]

1. e4 e5 2. Nf3 Nc6 3. Bb5 a6 4. Ba4 Nf6 5. O-O Nxe4 6. d4 b5 7. Bb3 d5 8. dxe5
Be6 9. Qe2 Bc5 10. Be3 O-O 11. Rd1 Re8 12. Nbd2 Qe7 13. h3 Nxd2 14. Rxd2 Bxe3
15. Qxe3 Na5 16. Bxd5 Bxd5 17. Rxd5 c6 18. Rdd1 Nc4 19. Qc3 Nxe5 20. Nxe5
1/2-1/2

[Event "4NCL Division 2c"]
[Site "Birmingham, ENG"]
[Date "2016.05.01"]
[Round "10.214"]
[White "Player, Edmund C"]
[Black "Crocker, Philip J"]
[Result "1/2-1/2"]
[WhiteElo "2223"]
[BlackElo "2136"]
[PlyCount "162"]
[EventDate "2016.05.01"]
[WhiteTeam "Anglian Avengers 1"]
[BlackTeam "Barbican 4NCL Youth"]

1. e4 Nf6 2. e5 Nd5 3. d4 d6 4. Nf3 dxe5 5. Nxe5 c6 6. c4 Nb4 7. Be3 Bf5 8. Na3
Nd7 9. Nf3 e5 10. Be2 e4 11. Nd2 Nd3+ 12. Kf1 Nxb2 13. Qb3 Qb6 14. g4 Bg6 15.
Nb5 Nd3 16. Nc3 Qxb3 17. axb3 Nb4 18. Rc1 f5 19. gxf5 Bxf5 20. Ndxe4 Be7 21. h4
O-O 22. Ng3 Bd6 23. Rd1 Bc2 24. Rd2 Bxb3 25. Rb2 Bc2 26. Na2 Nxa2 27. Rxc2 Nb4
28. Rb2 a5 29. c5 Be7 30. Kg1 b5 31. cxb6 Nxb6 32. Kg2 a4 33. Bd2 N6d5 34. Rhb1
a3 35. Bxb4 axb2 36. Bxe7 Nxe7 37. Rxb2 Rab8 38. Ra2 Rb4 39. Ra7 Nf5 40. Nxf5
Rxf5 41. Bg4 Rf8 42. Rd7 h6 43. Kg3 Rbb8 44. Rd6 Rbd8 45. Rxc6 Rxd4 46. h5 Rdf4
47. f3 Ra4 48. Be6+ Kh7 49. Bb3 Ra3 50. Bc2+ Kg8 51. Be4 Rd8 52. Bg6 Ra5 53.
Rb6 Ra7 54. Re6 Kf8 55. Re4 Ra3 56. Kg4 Rda8 57. Rf4+ Kg8 58. Rf7 R3a7 59. Rf4
Ra1 60. Kh3 Rg1 61. Rb4 Rg5 62. Rc4 Rf8 63. Rc3 Rd8 64. Rc4 Kf8 65. Rf4+ Ke7
66. Rf7+ Ke6 67. Rxg7 Rd1 68. Kh2 Rdg1 69. f4 R5g2+ 70. Kh3 Rg3+ 71. Kh4 Rg4+
72. Kh3 Kd6 73. Rf7 R1g3+ 74. Kh2 Rf3 75. Rh7 Rgxf4 76. Rxh6 Ke5 77. Rh8 Rf2+
78. Kg3 R2f3+ 79. Kg2 Rf2+ 80. Kg3 R2f3+ 81. Kg2 Rf2+ 1/2-1/2

[Event "4NCL Division 2c"]
[Site "Birmingham, ENG"]
[Date "2016.05.01"]
[Round "10.215"]
[White "Stewart, Ashley"]
[Black "Bayford, Jim R"]
[Result "1/2-1/2"]
[WhiteElo "2073"]
[BlackElo "2132"]
[PlyCount "70"]
[EventDate "2016.05.01"]
[WhiteTeam "Barbican 4NCL Youth"]
[BlackTeam "Anglian Avengers 1"]

1. c4 b6 2. Nc3 Bb7 3. e4 e5 4. Nf3 Nc6 5. d4 exd4 6. Nxd4 Bc5 7. Nf5 g6 8. Ne3
Nf6 9. Ned5 Nb4 10. Bg5 Nbxd5 11. cxd5 h6 12. Bf4 Qe7 13. Bc4 Nxe4 14. Nxe4
Qxe4+ 15. Qe2 Qxe2+ 16. Kxe2 O-O-O 17. f3 Bd4 18. Rab1 Rde8+ 19. Kd3 Be5 20.
Bd2 f5 21. Bb4 c6 22. dxc6 dxc6 23. Rbe1 Bg7 24. Be6+ Kb8 25. Bf7 Rxe1 26. Rxe1
g5 27. Bg6 f4 28. Re7 Rd8+ 29. Kc2 Bd4 30. Be4 b5 31. Rh7 Rd6 32. Bd3 Bc8 33.
Bc3 Bxc3 34. Kxc3 Bd7 35. h3 Kc7 1/2-1/2

[Event "4NCL Division 2c"]
[Site "Birmingham, ENG"]
[Date "2016.05.01"]
[Round "10.216"]
[White "Gallagher, Daniel GH"]
[Black "Brett, Andrew R"]
[Result "1-0"]
[WhiteElo "2125"]
[BlackElo "2108"]
[PlyCount "71"]
[EventDate "2016.05.01"]
[WhiteTeam "Anglian Avengers 1"]
[BlackTeam "Barbican 4NCL Youth"]

1. Nf3 Nf6 2. c4 g6 3. Nc3 Bg7 4. e4 d6 5. d4 O-O 6. Be2 e5 7. O-O Nc6 8. d5
Ne7 9. Ne1 Nd7 10. Be3 f5 11. f3 f4 12. Bf2 g5 13. Rc1 Ng6 14. Nb5 b6 15. b4 a6
16. Nc3 Rf7 17. Nd3 Bf8 18. c5 h5 19. Kh1 Rg7 20. Rc2 bxc5 21. bxc5 Nf6 22.
cxd6 cxd6 23. Na4 Rb8 24. Nb6 g4 25. Nb4 Rxb6 26. Rxc8 Qxc8 27. Bxb6 Qb8 28.
Ba5 Nh4 29. Rg1 Nh7 30. Nc6 Qc8 31. Qc1 Qd7 32. Nd8 Ng5 33. Qc6 gxf3 34. Qxd7
Nxe4 35. Qe6+ Kh7 36. Bd3 1-0

[Event "4NCL Division 2c"]
[Site "Birmingham, ENG"]
[Date "2016.05.01"]
[Round "10.217"]
[White "Klingher, Dominic"]
[Black "Gregory, Stephen J"]
[Result "1-0"]
[WhiteElo "2020"]
[BlackElo "2117"]
[PlyCount "81"]
[EventDate "2016.05.01"]
[WhiteTeam "Barbican 4NCL Youth"]
[BlackTeam "Anglian Avengers 1"]

1. e4 d6 2. Nc3 g6 3. f4 Bg7 4. Nf3 Nf6 5. Bc4 c6 6. a4 d5 7. exd5 cxd5 8. Bb5+
Nbd7 9. d4 O-O 10. O-O Nb6 11. Ne5 Ne4 12. a5 Nxc3 13. bxc3 f6 14. Nf3 Bd7 15.
Bxd7 Nxd7 16. Qe2 Rf7 17. Qb5 e6 18. Re1 Nf8 19. Ba3 Qc7 20. Bc5 Qxf4 21. Bxf8
Bxf8 22. Rxe6 Qf5 23. Rae1 Rc8 24. Qb3 Rfc7 25. Re8 Rxe8 26. Rxe8 Kf7 27. Ra8
a6 28. Qb6 Re7 29. Qd8 Qxc2 30. Qxf8+ Ke6 31. Qg8+ Kd6 32. Rd8+ Kc7 33. Qxd5
Qc1+ 34. Kf2 Qf4 35. Rf8 Qe3+ 36. Kg3 Re4 37. Qd8+ Kc6 38. Rxf6+ Kb5 39. Qd5+
Ka4 40. Qa2+ Kb5 41. Rb6# 1-0

[Event "4NCL Division 2c"]
[Site "Birmingham, ENG"]
[Date "2016.05.01"]
[Round "10.218"]
[White "Wallis, Ian J"]
[Black "Keen, Cosima"]
[Result "1-0"]
[WhiteElo "2125"]
[BlackElo "1930"]
[PlyCount "50"]
[EventDate "2016.05.01"]
[WhiteTeam "Anglian Avengers 1"]
[BlackTeam "Barbican 4NCL Youth"]

1. e4 c6 2. d4 d5 3. f3 e6 4. Nc3 Bb4 5. Bf4 Nf6 6. Qd3 b6 7. Nge2 Ba6 8. Qe3
O-O 9. O-O-O Qe7 10. e5 Nfd7 11. Bg5 Qe8 12. g4 c5 13. f4 cxd4 14. Nxd4 Bxf1
15. Rhxf1 Bxc3 16. Qxc3 Nc5 17. f5 Ne4 18. Qe3 exf5 19. Nxf5 f6 20. exf6 Nxf6
21. Bxf6 Qxe3+ 22. Nxe3 Rxf6 23. Rxf6 gxf6 24. Nxd5 Nc6 25. Nxf6+ Kf7 1-0

[Event "4NCL Division 2c"]
[Site "Birmingham, ENG"]
[Date "2016.05.01"]
[Round "10.222"]
[White "Foord, Dominic"]
[Black "Daulyte, Deimante"]
[Result "0-1"]
[WhiteElo "2102"]
[BlackElo "2392"]
[PlyCount "65"]
[EventDate "2016.05.01"]
[WhiteTeam "KJCA Kings"]
[BlackTeam "Celtic Tigers 1"]

1. d4 d5 2. c4 e6 3. Nc3 Bb4 4. e3 Nf6 5. Bd3 O-O 6. Nge2 dxc4 7. Bxc4 e5 8.
O-O Nc6 9. a3 Bd6 10. h3 a6 11. b4 Re8 12. Bb2 Bf5 13. Ng3 Bd7 14. Nce4 Nxe4
15. Nxe4 Bf5 16. Bxf7+ Kxf7 17. Qf3 Kg6 18. Ng3 Qg5 19. h4 Qg4 20. h5+ Kf6 21.
Qxg4 Bxg4 22. d5 Nxb4 23. axb4 Kg5 24. Rac1 e4 25. Bxg7 Bxh5 26. Rc4 Bxg3 27.
fxg3 Be2 28. Rxc7 Bxf1 29. Kxf1 b6 30. d6 a5 31. bxa5 bxa5 32. g4 a4 33. Bd4
0-1

[Event "4NCL Division 2c"]
[Site "Birmingham, ENG"]
[Date "2016.05.01"]
[Round "10.223"]
[White "Hoffmann, Hendrik"]
[Black "Ball, Laurence"]
[Result "1-0"]
[WhiteElo "2284"]
[BlackElo "2093"]
[PlyCount "87"]
[EventDate "2016.05.01"]
[WhiteTeam "Celtic Tigers 1"]
[BlackTeam "KJCA Kings"]

1. e4 d5 2. exd5 Qxd5 3. Nc3 Qd8 4. Bc4 Nf6 5. Nf3 a6 6. O-O b5 7. Bb3 e6 8. d4
Be7 9. Qe2 Bb7 10. Ne5 Nc6 11. Nxb5 O-O 12. Nxf7 Rxf7 13. Qxe6 axb5 14. Qxf7+
Kh8 15. Re1 Bd6 16. Bh6 Qf8 17. Qxf8+ Rxf8 18. Be3 Na5 19. Be6 h6 20. a4 b4 21.
b3 Nd5 22. Bd2 Bc6 23. Re2 Kh7 24. g3 g6 25. f4 Kg7 26. Rf1 Nb7 27. Bh3 Nd8 28.
Rfe1 h5 29. Bg2 Nf7 30. Re6 Nh6 31. Bc1 Nf5 32. Bb2 Kf7 33. R1e5 Nde7 34. Rxe7+
Nxe7 35. Rxe7+ Kxe7 36. Bxc6 Kd8 37. Kg2 Kc8 38. h4 Kb8 39. Kf3 Ka7 40. Bc1 Kb6
41. Be4 Rg8 42. d5 Be7 43. Be3+ Bc5 44. a5+ 1-0

[Event "4NCL Division 2c"]
[Site "Birmingham, ENG"]
[Date "2016.05.01"]
[Round "10.224"]
[White "Golding, James"]
[Black "Maciol, Ryszard"]
[Result "1-0"]
[WhiteElo "2095"]
[BlackElo "2174"]
[PlyCount "61"]
[EventDate "2016.05.01"]
[WhiteTeam "KJCA Kings"]
[BlackTeam "Celtic Tigers 1"]

1. d4 Nf6 2. c4 e6 3. Nf3 d5 4. Bg5 Bb4+ 5. Nc3 O-O 6. e3 b6 7. cxd5 exd5 8.
Bd3 c5 9. O-O Be6 10. Ne5 c4 11. Bc2 h6 12. Bh4 g5 13. Bg3 Nfd7 14. Qh5 Kg7 15.
Nb5 Nf6 16. Qe2 a6 17. Nc3 b5 18. f4 Bd6 19. a3 Ra7 20. Rf2 g4 21. Bh4 h5 22.
f5 Bc8 23. Nxd5 Bxe5 24. dxe5 Qxd5 25. Bxf6+ Kh7 26. Rd1 Qc6 27. Rf4 Nd7 28.
Rxd7 Rxd7 29. Rxg4 Rd3 30. Rg7+ Kh6 31. Rh7+ 1-0

[Event "4NCL Division 2c"]
[Site "Birmingham, ENG"]
[Date "2016.05.01"]
[Round "10.225"]
[White "Pedersen, Carsten"]
[Black "Lunn, Matthew"]
[Result "1/2-1/2"]
[WhiteElo "2144"]
[BlackElo "2051"]
[PlyCount "36"]
[EventDate "2016.05.01"]
[WhiteTeam "Celtic Tigers 1"]
[BlackTeam "KJCA Kings"]

1. e4 c5 2. Nc3 Nc6 3. g3 g6 4. Bg2 Bg7 5. d3 d6 6. f4 Nf6 7. Nf3 O-O 8. O-O
Rb8 9. h3 b5 10. a3 a5 11. Be3 Nd7 12. Rb1 b4 13. axb4 axb4 14. Ne2 Bb7 15. Qd2
Ra8 16. f5 Nde5 17. Bh6 b3 18. c4 Qa5 1/2-1/2

[Event "4NCL Division 2c"]
[Site "Birmingham, ENG"]
[Date "2016.05.01"]
[Round "10.226"]
[White "Hand, Freddie"]
[Black "Stevenson, James"]
[Result "1/2-1/2"]
[WhiteElo "2000"]
[BlackElo "2068"]
[PlyCount "46"]
[EventDate "2016.05.01"]
[WhiteTeam "KJCA Kings"]
[BlackTeam "Celtic Tigers 1"]

1. d4 Nf6 2. c4 g6 3. f3 Bg7 4. e4 d6 5. Nc3 b6 6. Be3 c5 7. d5 O-O 8. Nge2 e6
9. Ng3 exd5 10. cxd5 Ba6 11. Bd3 Bxd3 12. Qxd3 a6 13. a4 Nbd7 14. O-O Qc7 15.
Rfc1 Rfe8 16. Rab1 Ne5 17. Qe2 h5 18. Nh1 Nfd7 19. Nf2 Nf8 20. b4 Ned7 21. Na2
a5 22. bxa5 Rxa5 23. Nc3 Rea8 1/2-1/2